Estudios e informaciones sobre derecho y legislación de reforma agraria

Kaydedildi:
Detaylı Bibliyografya
Materyal Türü: Kitap
Dil:İspanyolca
Baskı/Yayın Bilgisi: Santiago Instituto de Capacitación e Investigación en Reforma Agraria, ICIRA 1969
Konular:
Etiketler: Etiketle
Etiket eklenmemiş, İlk siz ekleyin!

MARC

LEADER 00000nam a2200000 a 4500
001 UCS2827
003 CL-VaPUC
008 970606e19690000cl |||||||||||||||||spa|d
082 0 4 |a 346.044  |b EST  |2 21 
245 1 0 |a Estudios e informaciones sobre derecho y legislación de reforma agraria 
300 |a 112 p 
942 |c BK 
945 |d 19970606 00:00:00  |a lriquelm 
260 |a Santiago  |b Instituto de Capacitación e Investigación en Reforma Agraria, ICIRA  |c 1969 
650 0 |a REFORMA AGRARIA  |9 256789 
650 7 |a LEGISLACION  |2 CL-VaPUC  |9 388689 
650 0 |a Aplicación de la ley  |9 338319 
650 7 |a SENTENCIA  |2 CL-VaPUC  |9 381937 
650 7 |a RECURSOS DERECHO  |2 CL-VaPUC  |9 255421 
651 7 |a CHILE  |2 CL-VaPUC  |9 388690 
583 |a last modification  |c 20171114 01:43:15  |k Rodrigo Vera 
999 |c 260758  |d 260756 
952 |0 0  |1 0  |4 0  |6 346_044000000000000_EST_1969  |7 0  |8 A  |9 287092  |a BIBDER  |b BIBDER  |d 2019-11-19  |i 1857800  |o 346.044 EST 1969  |p 1857800  |r 2023-01-25  |w 2019-11-19  |y BK  |k DER